LEADER 01565nam0-2200493---450- 001 990000066160203316 005 20050912100513.0 010 $a88-425-2594-4 035 $a0006616 035 $aUSA010006616 035 $a(ALEPH)000006616USA01 035 $a0006616 100 $a20000914d20001995|||y0itay0103----ba 101 0 $aita 102 $aIT 105 $a||||||||001yy 200 1 $aPer superare il concorso di scuola media e scuola superiore$fAA.VV.$ga cura di Vito Piazza 210 $aMilano$cMursia$dcopyr. 2000 215 $a344 p$d21 cm 610 $aScuola media$aDidattica$aManuali per concorsi 610 $aScuole medie superiori$aDidattica$aManuali per concorsi 676 $a373.13 702 1$aPIAZZA,$bVito 801 $aIT$bSALBC$gISBD 912 $a990000066160203316 951 $aII.4. 1220(VI B 619)$b152758 L.M.$cVI B$d00003039 959 $aBK 979 $c20000914$lUSA01$h1730 979 $c20001019$lUSA01$h1055 979 $c20001019$lUSA01$h1453 979 $c20001019$lUSA01$h1500 979 $c20001019$lUSA01$h1538 979 $c20001024$lUSA01$h1514 979 $c20001027$lUSA01$h1518 979 $c20001027$lUSA01$h1522 979 $c20001110$lUSA01$h1709 979 $c20001124$lUSA01$h1207 979 $c20020403$lUSA01$h1614 979 $aPATRY$b90$c20040406$lUSA01$h1606 979 $aCOPAT6$b90$c20050912$lUSA01$h1005 979 $aPATRY$b90$c20121106$lUSA01$h1535 996 $aPer superare il concorso di scuola media e scuola superiore$91490527 997 $aUNISA bas $auma LEADER 01232nam 2200325z- 450 001 9910694082003321 005 20130607092409.0 035 $a(CKB)4920000000817215 035 $a(BIP)033787933 035 $a(EXLCZ)994920000000817215 100 $a20220316c2005uuuu -u- - 101 0 $aeng 200 10$aProtecting the homeland $ebuilding a layered and coordinated approach to border security : hearing before the Subcommittee on Infrastructure and Border Security of the Select Committee on Homeland Security, House of Representatives, One Hundred Eighth Congress, second session, June 15, 2004 215 $a1 online resource (iii, 58 p.) 311 $a0-16-075405-4 517 $aProtecting the homeland 606 $aNational security$zUnited States 606 $aBorder patrols$zUnited States 607 $aUnited States$xBoundaries$xSafety measures 607 $aUnited States$xEmigration and immigration$xGovernment policy 610 $aUnited States 610 $aNational security 610 $aHistory 610 $aSocial science 615 0$aNational security 615 0$aBorder patrols 906 $aBOOK 912 $a9910694082003321 996 $aProtecting the homeland$93099344 997 $aUNINA